000 00692nam a2200277Ia 4500
005 20260324114941.0
008 008 260324s9999 xx 000 0 eng d
020 _a9780429452260
037 _aEBOOK
040 _aCRL
040 _beng
040 _cCRL
041 _2eng
041 _aeng
084 _qCRL
100 _aDiego Galar; Dammika Seneviratne; Uday Kumar
_91152790
245 0 _aRobots, Drones, UAVs and UGVs for Operation and Maintenance
260 _bTaylor and Francis
260 _c2020
365 _a
365 _b370
856 _uhttp://www.taylorfrancis.com/books/9780429452260
942 _cEBOOK
999 _c1743291
_d1743291